[Event "Open 150' Unita' d'Italia A"]
[Site "Torino ITA"]
[Date "2011.06.04"]
[Round "6"]
[White "Barbiso, Tiziana"]
[Black "Ljubisavljevic, Zivojin Z."]
[Result "1-0"]
[WhiteElo "2024"]
[BlackElo "2215"]
[PlyCount "35"]
[EventDate "2011.05.31"]

1. e4 g6 2. d4 Bg7 3. Nf3 d6 4. c3 Nf6 5. Bd3 c5 6. O-O cxd4 7. cxd4 O-O 8. Nc3
Bg4 9. Qb3 Bxf3 10. Qxb7 Bxg2 11. Kxg2 Nbd7 12. a4 Nh5 13. Be3 Bxd4 14. Bxd4
Nf4+ 15. Kh1 Nxd3 16. Nd5 N7c5 17. Qxe7 Qxe7 18. Nxe7# 1-0

[Event "Open 150' Unita' d'Italia A"]
[Site "Torino ITA"]
[Date "2011.06.04"]
[Round "6"]
[White "Boetto, Massimo"]
[Black "Pinkerton, James Carl"]
[Result "1-0"]
[WhiteElo "2009"]
[BlackElo "2058"]
[PlyCount "55"]
[EventDate "2011.05.31"]

1. e4 e5 2. Nf3 Nc6 3. Bb5 Nf6 4. Nc3 Bc5 5. d3 d6 6. O-O O-O 7. Bxc6 bxc6 8.
d4 exd4 9. Nxd4 Be6 10. Re1 Qd7 11. Bg5 Ng4 12. h3 Ne5 13. Nf5 Bc4 14. Na4 Bb4
15. c3 Ba5 16. f4 Ng6 17. Qd4 f6 18. Qxc4+ d5 19. exd5 Qxf5 20. dxc6+ Kh8 21.
g4 Qc8 22. f5 Ne5 23. Rxe5 fxe5 24. Rd1 Bb6+ 25. Nxb6 axb6 26. Be7 Re8 27. f6
g6 28. Rd7 1-0

[Event "Open 150' Unita' d'Italia A"]
[Site "Torino ITA"]
[Date "2011.06.04"]
[Round "6"]
[White "Finocchiaro, Gianluca"]
[Black "De Barberis, Massimo"]
[Result "1/2-1/2"]
[WhiteElo "2151"]
[BlackElo "2079"]
[PlyCount "23"]
[EventDate "2011.05.31"]

1. e4 c6 2. c4 d5 3. cxd5 cxd5 4. exd5 Nf6 5. Nc3 Nxd5 6. Nf3 Nc6 7. Bc4 e6 8.
O-O Be7 9. d4 O-O 10. a3 Nxc3 11. bxc3 Bf6 12. Qe2 1/2-1/2

[Event "Open 150' Unita' d'Italia A"]
[Site "Torino ITA"]
[Date "2011.06.04"]
[Round "6"]
[White "Formento, Paolo"]
[Black "Topczewski, Damian"]
[Result "1-0"]
[WhiteElo "2020"]
[BlackElo "2221"]
[PlyCount "109"]
[EventDate "2011.05.31"]

1. e4 c5 2. Nf3 Nc6 3. d4 cxd4 4. Nxd4 g6 5. c4 Bg7 6. Nc2 Nf6 7. Nc3 d6 8. Be2
O-O 9. O-O Be6 10. Bd2 Qb8 11. Ne3 a6 12. Ned5 Bxd5 13. exd5 Nd4 14. a4 e5 15.
dxe6 fxe6 16. Be3 Nxe2+ 17. Nxe2 Qc7 18. Qd3 Ng4 19. Qe4 Nxe3 20. Qxe6+ Kh8 21.
Qxe3 Qxc4 22. b3 Qb4 23. Rac1 Rae8 24. Qd3 d5 25. Ng3 d4 26. Ne4 Rc8 27. Rc2
Rc3 28. Nxc3 dxc3 29. Qc4 a5 30. Qxb4 axb4 31. Rd1 Rf7 32. Rd8+ Bf8 33. Kf1 Kg7
34. Ke2 Bc5 35. f3 Bg1 36. h3 Bb6 37. Rd5 Rc7 38. Kd3 Bc5 39. Re2 b6 40. Kc2
Ra7 41. f4 Kf6 42. g4 Rc7 43. Re4 h5 44. f5 hxg4 45. hxg4 gxf5 46. Rxf5+ Kg6
47. Re6+ Kg7 48. Rg5+ Kf7 49. Rgg6 Rc8 50. Ref6+ Ke7 51. Rxb6 Rd8 52. Rb5 Rd2+
53. Kc1 Bd4 54. Rb7+ Kf8 55. Ra6 1-0

[Event "Open 150' Unita' d'Italia A"]
[Site "Torino ITA"]
[Date "2011.06.04"]
[Round "6"]
[White "Grinza, Andrea"]
[Black "Sanchez, Joseph"]
[Result "0-1"]
[WhiteElo "2109"]
[BlackElo "2539"]
[PlyCount "126"]
[EventDate "2011.05.31"]

1. d4 d5 2. c4 c6 3. Nf3 dxc4 4. e3 Be6 5. Qc2 Nf6 6. Bxc4 Bxc4 7. Qxc4 Nbd7 8.
O-O e6 9. Rd1 Be7 10. b3 O-O 11. Ba3 Bxa3 12. Nxa3 Qa5 13. Qc1 b5 14. Nc2 Rfc8
15. b4 Qa4 16. Rd3 Qa6 17. Nce1 Nd5 18. Rb3 Qb7 19. Nd3 a5 20. a3 h6 21. Nd2
N7b6 22. e4 Ne7 23. Nc5 Qc7 24. Rg3 Rd8 25. bxa5 Rxa5 26. Ndb3 Ra7 27. Nxe6
fxe6 28. Qxh6 Nec8 29. Qxe6+ Qf7 30. Qxc6 b4 31. d5 Rxa3 32. Re1 Qe7 33. Rge3
Qd6 34. Qc2 Ne7 35. h3 Rc8 36. Qe2 Rc3 37. Rxc3 bxc3 38. Nd4 Ra4 39. Nb5 Qc5
40. d6 Ng6 41. Qg4 Nf8 42. Qe2 c2 43. Rc1 Rc4 44. e5 Qxb5 45. e6 Qb2 46. Qe1
Re4 47. Qxe4 Qxc1+ 48. Kh2 Qd2 49. e7 Qxd6+ 50. g3 Qxe7 51. Qxe7 c1=Q 52. Qd6
Qb2 53. Qf4 Nd5 54. Qf3 Qd4 55. Kg2 Nf6 56. Qb3+ Kh8 57. Qb1 Qd5+ 58. Kg1 Kg8
59. Qb6 Ne4 60. Qe3 Ne6 61. h4 Nd4 62. Qa3 Nd2 63. Qe7 N4f3+ 0-1

[Event "Open 150' Unita' d'Italia A"]
[Site "Torino ITA"]
[Date "2011.06.04"]
[Round "6"]
[White "Pulito, Alberto"]
[Black "Sorcinelli, Francesco"]
[Result "0-1"]
[WhiteElo "2281"]
[BlackElo "2171"]
[PlyCount "58"]
[EventDate "2011.05.31"]

1. e4 c5 2. c3 Nf6 3. e5 Nd5 4. d4 cxd4 5. Nf3 e6 6. cxd4 d6 7. Bc4 Bd7 8. O-O
Bc6 9. Nc3 Nxc3 10. bxc3 Be7 11. Bf4 d5 12. Bd3 g5 13. Bd2 Nd7 14. Ne1 h5 15.
f4 gxf4 16. Rxf4 Bg5 17. Rf2 Bxd2 18. Qxd2 Qa5 19. Nf3 O-O-O 20. Ng5 Rhg8 21.
Nxf7 Rdf8 22. Raf1 Kb8 23. Nd6 Rxf2 24. Rxf2 h4 25. Qb2 Qd8 26. Qd2 Qa5 27. Bh7
Rg7 28. Qh6 Rxh7 29. Qxh7 Qxc3 0-1

[Event "Open 150' Unita' d'Italia A"]
[Site "Torino ITA"]
[Date "2011.06.04"]
[Round "6"]
[White "Spinelli, Doriano"]
[Black "D'Agostino, Maurizio"]
[Result "0-1"]
[WhiteElo "2100"]
[BlackElo "2028"]
[PlyCount "76"]
[EventDate "2011.05.31"]

1. e4 Nf6 2. d3 e5 3. Nf3 Nc6 4. Be2 d5 5. Nbd2 dxe4 6. dxe4 Bc5 7. O-O h6 8.
c3 O-O 9. Qc2 a6 10. b4 Ba7 11. Nc4 Re8 12. Be3 b6 13. Nfd2 Ng4 14. a4 Nxe3 15.
Nxe3 Ne7 16. b5 Ng6 17. Nf3 Nf4 18. Bc4 Be6 19. Rfd1 Qf6 20. Nd5 Bxd5 21. Bxd5
Nxd5 22. Rxd5 Rad8 23. Rad1 Rxd5 24. Rxd5 axb5 25. axb5 Bb8 26. Qa4 Qf4 27. Rd1
f5 28. Qc4+ Kh8 29. Qc6 Rf8 30. exf5 Qxf5 31. Rf1 Rf6 32. Qe8+ Rf8 33. Qxe5 Qg4
34. Qd4 Qc8 35. Ne5 Qf5 36. f4 c5 37. bxc6 Bc7 38. Qb4 Bxe5 0-1

[Event "Open 150' Unita' d'Italia A"]
[Site "Torino ITA"]
[Date "2011.06.04"]
[Round "6"]
[White "Stella, Andrea"]
[Black "Passerotti, Pierluigi"]
[Result "1-0"]
[WhiteElo "2398"]
[BlackElo "2286"]
[PlyCount "53"]
[EventDate "2011.05.31"]

1. Nf3 d5 2. d4 Nf6 3. c4 c6 4. e3 e6 5. b3 Nbd7 6. Bb2 Bd6 7. Bd3 Qe7 8. Ne5
Bb4+ 9. Nd2 Ne4 10. Bxe4 dxe4 11. O-O f5 12. a3 Bxd2 13. Qxd2 O-O 14. Qb4 c5
15. dxc5 Qxc5 16. Rfd1 Qxb4 17. axb4 Nxe5 18. Bxe5 b6 19. Rd6 Bb7 20. Rxe6 Kf7
21. Rd6 Rfd8 22. Rxd8 Rxd8 23. b5 Rd7 24. h3 Bc8 25. Bb8 Ke6 26. Bxa7 Rb7 27.
Ra6 1-0

[Event "Open 150' Unita' d'Italia A"]
[Site "Torino ITA"]
[Date "2011.06.04"]
[Round "6"]
[White "Van Hoolandt, Patrick"]
[Black "Pesce, Gabriele"]
[Result "0-1"]
[WhiteElo "2192"]
[BlackElo "2185"]
[PlyCount "94"]
[EventDate "2011.05.31"]

1. d4 Nf6 2. c4 g6 3. Nc3 Bg7 4. e4 d6 5. Nf3 O-O 6. Be3 e5 7. dxe5 dxe5 8.
Qxd8 Rxd8 9. Nd5 Na6 10. O-O-O Bg4 11. Bg5 Nxe4 12. Bxd8 Nxf2 13. Nf6+ Bxf6 14.
Bxf6 Nxh1 15. Re1 Nf2 16. Rxe5 Be6 17. h3 Nb4 18. Rb5 Nfd3+ 19. Bxd3 Nxd3+ 20.
Kd2 c6 21. Rxb7 Nc5 22. Rc7 Ne4+ 23. Ke3 Nxf6 24. Rxc6 Rc8 25. Rxc8+ Bxc8 26.
Kd4 Bb7 27. Ke5 Ne8 28. b4 Kf8 29. c5 Ke7 30. b5 Bxf3 31. gxf3 Kd7 32. a4 f6+
33. Kd5 Nc7+ 34. Kc4 Ne6 35. a5 a6 36. bxa6 Kc6 37. a7 Nc7 38. a6 g5 39. Kd4
Kd7 40. Ke4 Ke6 41. Kd4 Nb5+ 42. Kc4 Nxa7 43. c6 Kd6 44. c7 h5 45. Kd3 f5 46.
Ke3 Kxc7 47. Kd3 Nc6 0-1

[Event "Open 150' Unita' d'Italia A"]
[Site "Torino ITA"]
[Date "2011.06.04"]
[Round "6"]
[White "Zunino, Davide"]
[Black "Bianco, Valerio"]
[Result "1/2-1/2"]
[WhiteElo "1987"]
[BlackElo "2202"]
[PlyCount "39"]
[EventDate "2011.05.31"]

1. d4 d5 2. Bf4 c5 3. c3 cxd4 4. cxd4 Nf6 5. e3 Nc6 6. Nc3 a6 7. Bd3 e6 8. Nf3
Be7 9. O-O O-O 10. Ne5 Nxe5 11. dxe5 Nd7 12. Rc1 b5 13. Qh5 g6 14. Qg4 f5 15.
Qh3 Nc5 16. Bb1 Rf7 17. Bh6 Bd7 18. f4 Bf8 19. Ne2 Rc8 20. Nd4 1/2-1/2

[Event "Open 150' Unita' d'Italia A"]
[Site "Torino ITA"]
[Date "2011.06.04"]
[Round "7"]
[White "Bianco, Valerio"]
[Black "Formento, Paolo"]
[Result "1-0"]
[WhiteElo "2202"]
[BlackElo "2020"]
[PlyCount "49"]
[EventDate "2011.05.31"]

1. e4 e6 2. d4 d5 3. Nd2 Be7 4. Bd3 c5 5. dxc5 Nf6 6. exd5 Qxd5 7. Ngf3 Bxc5 8.
O-O O-O 9. Qe2 Nc6 10. Nb3 Bb6 11. Bg5 e5 12. Rad1 e4 13. Bxf6 exf3 14. Qd2 Qe6
15. Bh4 Qg4 16. Bg3 Ne5 17. Rfe1 Nxd3 18. Qxd3 fxg2 19. Qd5 Bf5 20. Nd4 Bg6 21.
c3 Rad8 22. Qxb7 Bxd4 23. cxd4 Rxd4 24. f3 Rb4 25. Qe7 1-0

[Event "Open 150' Unita' d'Italia A"]
[Site "Torino ITA"]
[Date "2011.06.04"]
[Round "7"]
[White "Boetto, Massimo"]
[Black "Finocchiaro, Gianluca"]
[Result "0-1"]
[WhiteElo "2009"]
[BlackElo "2151"]
[PlyCount "88"]
[EventDate "2011.05.31"]

1. e4 d5 2. exd5 Qxd5 3. Nc3 Qa5 4. d4 Nf6 5. Bc4 Bg4 6. f3 Bf5 7. Nge2 c6 8.
O-O e6 9. Ng3 Bg6 10. Qe2 Be7 11. f4 Nbd7 12. f5 exf5 13. Bf4 Ne4 14. Nxf5 Qxf5
15. Bd6 Nxd6 16. Rxf5 Nxf5 17. Re1 O-O 18. g4 Nxd4 19. Qxe7 Nf3+ 20. Kf2 Nxe1
21. Qxe1 Rfe8 22. Qc1 Rad8 23. Be2 Nc5 24. Bf3 Ne4+ 25. Nxe4 Bxe4 26. Bxe4 Rxe4
27. Qg5 Rde8 28. Qc5 Re2+ 29. Kf3 R8e3+ 30. Kf4 a6 31. Qb6 h6 32. h4 Re4+ 33.
Kf3 Re7 34. c4 g5 35. hxg5 hxg5 36. a4 R7e3+ 37. Qxe3 Rxe3+ 38. Kxe3 Kf8 39.
Ke4 Ke7 40. a5 f6 41. b3 c5 42. Kf5 Kf7 43. Ke4 Ke6 44. Ke3 Ke5 0-1

[Event "Open 150' Unita' d'Italia A"]
[Site "Torino ITA"]
[Date "2011.06.04"]
[Round "7"]
[White "D'Agostino, Maurizio"]
[Black "Van Hoolandt, Patrick"]
[Result "1/2-1/2"]
[WhiteElo "2028"]
[BlackElo "2192"]
[PlyCount "80"]
[EventDate "2011.05.31"]

1. d4 Nf6 2. Nf3 e6 3. e3 c5 4. Bd3 b6 5. O-O Bb7 6. Nbd2 Nc6 7. c3 Be7 8. Qe2
cxd4 9. exd4 d5 10. Ne5 Nxe5 11. Qxe5 h6 12. Bb5+ Kf8 13. Qe2 Bd6 14. Bd3 Qc7
15. Nf3 Nd7 16. Re1 Re8 17. Bb5 Bc6 18. Bxc6 Qxc6 19. Ne5 Bxe5 20. dxe5 Rc8 21.
f4 Qc4 22. Qf3 g6 23. Be3 Nc5 24. Bd4 h5 25. b3 Qa6 26. Qe3 Nd7 27. a4 Rc7 28.
b4 Qb7 29. a5 Ke7 30. Re2 Rhc8 31. Rea2 Nc5 32. axb6 axb6 33. Ra7 Qb8 34. Bxc5+
bxc5 35. Qxc5+ Ke8 36. Rxc7 Qxc7 37. Qxc7 Rxc7 38. Ra3 Kd7 39. Kf2 Kc6 40. Ke3
Kb7 1/2-1/2

[Event "Open 150' Unita' d'Italia A"]
[Site "Torino ITA"]
[Date "2011.06.04"]
[Round "7"]
[White "De Barberis, Massimo"]
[Black "Topczewski, Damian"]
[Result "1-0"]
[WhiteElo "2079"]
[BlackElo "2221"]
[PlyCount "123"]
[EventDate "2011.05.31"]

1. e4 c5 2. Nf3 d6 3. c3 Nf6 4. Bb5+ Bd7 5. Qe2 e6 6. d4 cxd4 7. cxd4 Be7 8.
Nc3 O-O 9. O-O a6 10. Bxd7 Nbxd7 11. e5 Ne8 12. Rd1 d5 13. Bf4 b5 14. Qd3 Nb6
15. b3 Nc7 16. Rac1 b4 17. Ne2 Nb5 18. Rc2 Qd7 19. h4 Rfc8 20. Rdc1 h6 21. g4
Rxc2 22. Rxc2 Rc8 23. g5 hxg5 24. Bxg5 Bf8 25. Bd2 Rxc2 26. Ng5 g6 27. Qxc2 Be7
28. h5 Bxg5 29. Bxg5 Qc8 30. Qd3 gxh5 31. Bf6 Qf8 32. Qd2 Kh7 33. Qc2+ Kg8 34.
Qc6 Na8 35. Qc1 Kh7 36. Qc2+ Kg8 37. Qd2 Kh7 38. Qd3+ Kg8 39. Nf4 Qh6 40. Qg3+
Kf8 41. Nxh5 Qg6 42. Qxg6 fxg6 43. Nf4 Kf7 44. Ne2 Nac7 45. Kf1 Na3 46. Ke1
Ncb5 47. Kd2 Nb1+ 48. Kd3 N5c3 49. Nxc3 Nxc3 50. a4 Ne4 51. Bh4 g5 52. Bg3 Kg6
53. Ke3 Kf5 54. Bh2 Nxf2 55. Kxf2 Ke4 56. Ke2 Kxd4 57. Kd2 Ke4 58. Ke2 g4 59.
Bg3 a5 60. Bf2 Kxe5 61. Bb6 Kd6 62. Bxa5 1-0

[Event "Open 150' Unita' d'Italia A"]
[Site "Torino ITA"]
[Date "2011.06.04"]
[Round "7"]
[White "Ljubisavljevic, Zivojin Z."]
[Black "Zunino, Davide"]
[Result "1/2-1/2"]
[WhiteElo "2215"]
[BlackElo "1987"]
[PlyCount "83"]
[EventDate "2011.05.31"]

1. d4 e6 2. Bf4 f5 3. g3 Nf6 4. Bg2 Be7 5. Nd2 O-O 6. e4 fxe4 7. Nxe4 Nc6 8.
Ne2 d6 9. O-O Qe8 10. Nxf6+ Bxf6 11. Be3 e5 12. d5 Ne7 13. Nc3 Bd7 14. Ne4 Nf5
15. Bg5 Qg6 16. Bxf6 gxf6 17. c3 Nh6 18. Nd2 f5 19. Qe2 f4 20. Be4 Bf5 21. Bxf5
Rxf5 22. Kh1 Kh8 23. gxf4 Rxf4 24. Rg1 Qf5 25. f3 Nf7 26. Rg3 Ng5 27. Rag1 h6
28. Qb5 b6 29. Qc6 Rc8 30. Qb7 a5 31. Rxg5 hxg5 32. Rxg5 Qh3 33. Rg3 Qf5 34.
Rg5 Qh3 35. Rh5+ Qxh5 36. Qxc8+ Kg7 37. Qxc7+ Rf7 38. Qxd6 Qg5 39. Nc4 Qc1+ 40.
Kg2 Qg5+ 41. Kh1 Qc1+ 42. Kg2 1/2-1/2

[Event "Open 150' Unita' d'Italia A"]
[Site "Torino ITA"]
[Date "2011.06.04"]
[Round "7"]
[White "Passerotti, Pierluigi"]
[Black "Grinza, Andrea"]
[Result "1-0"]
[WhiteElo "2286"]
[BlackElo "2109"]
[PlyCount "101"]
[EventDate "2011.05.31"]

1. d4 d5 2. c4 e6 3. Nc3 Nf6 4. Bg5 Be7 5. e3 O-O 6. Nf3 h6 7. Bh4 Ne4 8. Bxe7
Qxe7 9. cxd5 Nxc3 10. bxc3 exd5 11. Qb3 Rd8 12. c4 dxc4 13. Bxc4 Nc6 14. Qc3
Bg4 15. O-O Bxf3 16. gxf3 Qg5+ 17. Kh1 Qf6 18. Be2 Re8 19. Qc2 Rad8 20. Rae1
Re7 21. Qc3 Rde8 22. Bd1 a5 23. Rg1 Nb4 24. Rg3 c5 25. Reg1 g6 26. Qxc5 b6 27.
Qc4 Kg7 28. a3 Nc6 29. Bc2 Re6 30. f4 Ne7 31. Qb5 Rc8 32. Bd3 Kh7 33. Bb1 Rec6
34. Be4 Rc3 35. a4 R3c4 36. Qd7 R8c7 37. Qe8 Qe6 38. Bf3 Rc8 39. d5 Qf6 40. Qd7
R8c7 41. Qg4 Nf5 42. Rh3 Qb2 43. e4 Nd6 44. Qg5 Qg7 45. e5 Nf5 46. d6 Nd4 47.
Bd5 R7c5 48. Bxc4 Nf3 49. Qxh6+ Qxh6 50. Rxh6+ Kxh6 51. d7 1-0

[Event "Open 150' Unita' d'Italia A"]
[Site "Torino ITA"]
[Date "2011.06.04"]
[Round "7"]
[White "Pesce, Gabriele"]
[Black "Angelini, Marco"]
[Result "0-1"]
[WhiteElo "2185"]
[BlackElo "2180"]
[PlyCount "48"]
[EventDate "2011.05.31"]

1. e4 c5 2. Nc3 Nc6 3. f4 g6 4. Nf3 Bg7 5. Bb5 Nd4 6. a4 e6 7. d3 Ne7 8. Nxd4
cxd4 9. Ne2 a6 10. Bc4 d5 11. Bb3 dxe4 12. dxe4 O-O 13. O-O b6 14. Ng3 Qc7 15.
h4 a5 16. h5 Ba6 17. hxg6 hxg6 18. Rf3 Bc4 19. f5 exf5 20. exf5 Nd5 21. Bxc4
Qxc4 22. b3 Qc6 23. Bb2 Rad8 24. Ba3 Ne3 0-1

[Event "Open 150' Unita' d'Italia A"]
[Site "Torino ITA"]
[Date "2011.06.04"]
[Round "7"]
[White "Pinkerton, James Carl"]
[Black "Spinelli, Doriano"]
[Result "0-1"]
[WhiteElo "2058"]
[BlackElo "2100"]
[PlyCount "106"]
[EventDate "2011.05.31"]

1. e4 d5 2. exd5 Nf6 3. Nf3 Qxd5 4. Nc3 Qd6 5. d4 c6 6. Bg5 Bg4 7. Be2 Nbd7 8.
O-O O-O-O 9. Bh4 Bxf3 10. Bxf3 Nb6 11. Bg3 Qxd4 12. Qe2 e6 13. Rad1 Qc5 14.
Rxd8+ Kxd8 15. Ne4 Nxe4 16. Qxe4 Qf5 17. Rd1+ Kc8 18. Qd4 Be7 19. Qxg7 Qf6 20.
Qg4 Rd8 21. Rxd8+ Bxd8 22. h3 Nd7 23. Qb4 Qe7 24. Qa4 Qc5 25. b4 Qd4 26. c3
Qxc3 27. b5 Ne5 28. bxc6 Nxf3+ 29. gxf3 Qxc6 30. Qxa7 Bc7 31. Qa8+ Kd7 32. Kg2
Bxg3 33. Kxg3 Qd5 34. Qa4+ Kc7 35. Qc2+ Kd6 36. h4 h5 37. Qa4 Ke7 38. Kg2 Kf8
39. Qb4+ Kg7 40. a4 e5 41. Qe7 Qd4 42. Qg5+ Kf8 43. Qxh5 e4 44. Qg4 exf3+ 45.
Kxf3 Qd1+ 46. Kg3 Qg1+ 47. Kf4 Qxf2+ 48. Ke4 Qc2+ 49. Ke5 Qc7+ 50. Kd5 Qc6+ 51.
Ke5 Qc7+ 52. Kf5 Qd7+ 53. Kg5 f6+ 0-1

[Event "Open 150' Unita' d'Italia A"]
[Site "Torino ITA"]
[Date "2011.06.04"]
[Round "7"]
[White "Pliev, Vladimir"]
[Black "Pulito, Alberto"]
[Result "1/2-1/2"]
[WhiteElo "2049"]
[BlackElo "2281"]
[PlyCount "44"]
[EventDate "2011.05.31"]

1. d4 d5 2. Nf3 Nf6 3. Bf4 c5 4. c3 Nc6 5. e3 e6 6. Bd3 Be7 7. h3 O-O 8. Nbd2
b6 9. Ne5 Bb7 10. Ndf3 Nxe5 11. Bxe5 Ne4 12. O-O f6 13. Bf4 Qe8 14. Nd2 Kh8 15.
f3 Nxd2 16. Qxd2 Qh5 17. Kh2 g5 18. g4 Qe8 19. Bg3 Kg7 20. Kg2 f5 21. Be5+ Bf6
22. Bd6 Be7 1/2-1/2

[Event "Open 150' Unita' d'Italia A"]
[Site "Torino ITA"]
[Date "2011.06.04"]
[Round "7"]
[White "Sanchez, Joseph"]
[Black "Barbiso, Tiziana"]
[Result "1-0"]
[WhiteElo "2539"]
[BlackElo "2024"]
[PlyCount "58"]
[EventDate "2011.05.31"]

1. e4 e6 2. d4 d5 3. Nc3 Nf6 4. Bg5 dxe4 5. Nxe4 Be7 6. Bxf6 gxf6 7. Qd2 f5 8.
Nc3 Bf6 9. Nf3 c5 10. Bb5+ Bd7 11. dxc5 a6 12. Bxd7+ Nxd7 13. O-O-O Nxc5 14.
Qe3 Qb6 15. Ne5 Rg8 16. Nc4 Qc6 17. Nd5 Bg7 18. Ne5 Bxe5 19. Qxe5 Kf8 20. Nf6
Rc8 21. c3 Rxg2 22. Rhe1 Qf3 23. Nxh7+ Ke8 24. Nf6+ Kf8 25. Nd5 exd5 26. Qh8+
Rg8 27. Qh6+ Rg7 28. Rg1 Nb3+ 29. axb3 Rxc3+ 1-0

[Event "Open 150' Unita' d'Italia A"]
[Site "Torino ITA"]
[Date "2011.06.04"]
[Round "7"]
[White "Sorcinelli, Francesco"]
[Black "Stella, Andrea"]
[Result "0-1"]
[WhiteElo "2171"]
[BlackElo "2398"]
[PlyCount "82"]
[EventDate "2011.05.31"]

1. Nf3 Nf6 2. c4 c5 3. Nc3 e6 4. g3 b6 5. Bg2 Bb7 6. O-O Be7 7. Re1 d6 8. e4
Nbd7 9. d4 cxd4 10. Nxd4 Qc7 11. Be3 Rc8 12. Rc1 Qb8 13. b3 Nc5 14. f3 O-O 15.
Bf2 Rfe8 16. f4 Bf8 17. Qe2 Qa8 18. b4 Ncd7 19. b5 e5 20. Nc6 Bxc6 21. bxc6
Qxc6 22. Nb5 Ra8 23. g4 g6 24. f5 a6 25. Nc3 Bh6 26. Ra1 Rac8 27. h4 Qxc4 28.
g5 Qxc3 29. gxh6 Qc2 30. fxg6 Qxe2 31. gxf7+ Kxf7 32. Rxe2 b5 33. Bh3 Rc5 34.
Bf5 Rg8+ 35. Kf1 Rc3 36. Rd1 Ke7 37. h5 Rf3 38. Ke1 Rg5 39. Red2 Rxh5 40. Rxd6
Rf4 41. Rxf6 Nxf6 0-1

[Event "Open 150' Unita' d'Italia A"]
[Site "Torino ITA"]
[Date "2011.06.05"]
[Round "8"]
[White "Angelini, Marco"]
[Black "Grinza, Andrea"]
[Result "0-1"]
[WhiteElo "2180"]
[BlackElo "2109"]
[PlyCount "78"]
[EventDate "2011.05.31"]

1. e4 c6 2. d4 d5 3. Nc3 dxe4 4. Nxe4 Bf5 5. Ng3 Bg6 6. Nf3 Nd7 7. h4 h6 8. h5
Bh7 9. Bd3 Bxd3 10. Qxd3 e6 11. Bf4 Qa5+ 12. Bd2 Bb4 13. Ne4 Bxd2+ 14. Nfxd2
Ngf6 15. Nd6+ Ke7 16. N6c4 Qa6 17. a3 Rhd8 18. O-O-O b5 19. Ne3 c5 20. Nf3 Nb6
21. Qb3 c4 22. Qb4+ Ke8 23. Qe1 Rac8 24. c3 b4 25. axb4 Qa2 26. Qe2 a5 27. bxa5
Na4 28. Qc2 Rb8 29. Qb1 Qxb1+ 30. Kxb1 Nxc3+ 31. Kc2 Nxd1 32. Rxd1 Rb4 33. Ne5
Ra4 34. N3xc4 Nd5 35. Rb1 f6 36. Ne3 Nxe3+ 37. fxe3 fxe5 38. b4 exd4 39. Kb3
Rxb4+ 0-1

[Event "Open 150' Unita' d'Italia A"]
[Site "Torino ITA"]
[Date "2011.06.05"]
[Round "8"]
[White "Bianco, Valerio"]
[Black "Sorcinelli, Francesco"]
[Result "1-0"]
[WhiteElo "2202"]
[BlackElo "2171"]
[PlyCount "68"]
[EventDate "2011.05.31"]

1. e4 c5 2. c3 Nf6 3. e5 Nd5 4. d4 cxd4 5. Nf3 e6 6. cxd4 d6 7. Bc4 Nc6 8. O-O
Be7 9. Qe2 O-O 10. Rd1 a6 11. exd6 Qxd6 12. Nc3 b5 13. Bb3 Bb7 14. Ne4 Qc7 15.
Neg5 Nd8 16. Qd3 g6 17. Ne4 Rc8 18. Bh6 f5 19. Ned2 Re8 20. Rac1 Qxc1 21. Rxc1
Rxc1+ 22. Nf1 Rc7 23. h4 Nf7 24. Bd2 Bf6 25. Ng5 Nd6 26. h5 Bxg5 27. Bxg5 Ne4
28. Bh6 g5 29. f3 Nef6 30. Bxg5 Nxh5 31. Ne3 Nhf4 32. Bxf4 Nxf4 33. Qxf5 Ne2+
34. Kf2 Rd8 1-0

[Event "Open 150' Unita' d'Italia A"]
[Site "Torino ITA"]
[Date "2011.06.05"]
[Round "8"]
[White "D'Agostino, Maurizio"]
[Black "Zunino, Davide"]
[Result "1/2-1/2"]
[WhiteElo "2028"]
[BlackElo "1987"]
[PlyCount "26"]
[EventDate "2011.05.31"]

1. d4 e6 2. Nf3 f5 3. Bf4 Nf6 4. h3 b6 5. e3 Bb7 6. Nbd2 Be7 7. Bd3 O-O 8. c3
c5 9. Rg1 cxd4 10. cxd4 Nd5 11. Bh2 d6 12. Qc2 Nc7 13. O-O-O Ba6 1/2-1/2

[Event "Open 150' Unita' d'Italia A"]
[Site "Torino ITA"]
[Date "2011.06.05"]
[Round "8"]
[White "Finocchiaro, Gianluca"]
[Black "Formento, Paolo"]
[Result "1-0"]
[WhiteElo "2151"]
[BlackElo "2020"]
[PlyCount "78"]
[EventDate "2011.05.31"]

1. e4 e6 2. d4 d5 3. c4 dxe4 4. Nc3 Nf6 5. f3 exf3 6. Nxf3 Be7 7. Bd3 O-O 8.
O-O b6 9. Qe1 Bb7 10. Qh4 Nbd7 11. Bg5 Re8 12. d5 exd5 13. Nxd5 Bxd5 14. cxd5
Nf8 15. Bb5 Ng6 16. Qc4 Rf8 17. Bc6 Rb8 18. Rae1 h6 19. Be3 Qd6 20. Bd4 Rbd8
21. Kh1 Nxd5 22. Rd1 Nb4 23. Be4 Rfe8 24. Nh4 Nh8 25. Nf5 Qe6 26. Qe2 Bf8 27.
Rg1 c5 28. Bc3 Rxd1 29. Qxd1 Nxa2 30. Bd2 Qc4 31. b3 Nc3 32. Qc2 Qe6 33. Bxc3
g6 34. Ng3 h5 35. Qd3 h4 36. Nf1 h3 37. Bxh8 Qg4 38. Ng3 f5 39. Bf3 Qf4 1-0

[Event "Open 150' Unita' d'Italia A"]
[Site "Torino ITA"]
[Date "2011.06.05"]
[Round "8"]
[White "Ljubisavljevic, Zivojin Z."]
[Black "Pesce, Gabriele"]
[Result "1/2-1/2"]
[WhiteElo "2215"]
[BlackElo "2185"]
[PlyCount "100"]
[EventDate "2011.05.31"]

1. b3 Nf6 2. Bb2 d6 3. f4 c5 4. Nf3 Nc6 5. e3 g6 6. h3 Bg7 7. g4 e5 8. fxe5
Nxe5 9. Nxe5 dxe5 10. Bb5+ Bd7 11. Qe2 O-O 12. Nc3 a6 13. Bxd7 Qxd7 14. O-O-O
b5 15. Qg2 Rfd8 16. g5 Nh5 17. Rhf1 c4 18. Rf2 b4 19. Ne4 cxb3 20. axb3 Rac8
21. d4 Qd5 22. Kb1 exd4 23. Bxd4 Re8 24. Nf6+ Nxf6 25. gxf6 Qxg2 26. Rxg2 Bh6
27. Rg3 Re4 28. Kb2 Rce8 29. Ra1 R4e6 30. Ra4 Rb8 31. h4 Rb5 32. Rg1 Bxe3 33.
Bxe3 Rxe3 34. Rxa6 Rb8 35. h5 Re6 36. Rxe6 fxe6 37. hxg6 hxg6 38. Rxg6+ Kf7 39.
Rh6 e5 40. c3 bxc3+ 41. Kxc3 Rc8+ 42. Kd3 e4+ 43. Kxe4 Rc3 44. Rh7+ Kxf6 45.
Rb7 Ke6 46. Kd4 Rc1 47. b4 Kd6 48. Rb6+ Kc7 49. Ra6 Kb7 50. Ra5 Kb6 1/2-1/2

[Event "Open 150' Unita' d'Italia A"]
[Site "Torino ITA"]
[Date "2011.06.05"]
[Round "8"]
[White "Passerotti, Pierluigi"]
[Black "Sanchez, Joseph"]
[Result "1/2-1/2"]
[WhiteElo "2286"]
[BlackElo "2539"]
[PlyCount "39"]
[EventDate "2011.05.31"]

1. d4 Nf6 2. c4 c6 3. Nc3 d5 4. cxd5 cxd5 5. Nf3 Nc6 6. Bf4 Nh5 7. Be5 f6 8.
Bg3 e5 9. e3 Nxg3 10. hxg3 Be6 11. dxe5 fxe5 12. Bb5 Qd6 13. Qa4 Rc8 14. Qxa7
Be7 15. Qa4 O-O 16. O-O Kh8 17. Rad1 Bf6 18. Nxd5 Bxd5 19. e4 Nd4 20. Nxd4
1/2-1/2

[Event "Open 150' Unita' d'Italia A"]
[Site "Torino ITA"]
[Date "2011.06.05"]
[Round "8"]
[White "Pulito, Alberto"]
[Black "Barbiso, Tiziana"]
[Result "1-0"]
[WhiteElo "2281"]
[BlackElo "2024"]
[PlyCount "60"]
[EventDate "2011.05.31"]

1. e4 e6 2. d4 d5 3. Nc3 Nf6 4. Bg5 dxe4 5. Nxe4 Be7 6. Bxf6 gxf6 7. Nf3 f5 8.
Nc3 a6 9. d5 Bf6 10. Qd2 b5 11. O-O-O Bb7 12. Qh6 Qe7 13. Qh5 O-O 14. h4 Nd7
15. Ng5 Rfd8 16. Qxh7+ Kf8 17. dxe6 fxe6 18. Qh6+ Kg8 19. Qg6+ Bg7 20. Qxe6+
Qxe6 21. Nxe6 Bh6+ 22. Kb1 Re8 23. Nxc7 Nc5 24. Nxa8 Bxa8 25. Bd3 b4 26. Bc4+
Kf8 27. Nd5 Ne4 28. Nc7 Re5 29. Nxa8 Rc5 30. Rd8+ Ke7 1-0

[Event "Open 150' Unita' d'Italia A"]
[Site "Torino ITA"]
[Date "2011.06.05"]
[Round "8"]
[White "Spinelli, Doriano"]
[Black "Van Hoolandt, Patrick"]
[Result "1/2-1/2"]
[WhiteElo "2100"]
[BlackElo "2192"]
[PlyCount "89"]
[EventDate "2011.05.31"]

1. e4 e5 2. Nf3 Nc6 3. d4 exd4 4. Nxd4 Nf6 5. Nc3 Bb4 6. Nxc6 bxc6 7. Bd3 O-O
8. O-O d5 9. exd5 cxd5 10. Na4 Bg4 11. f3 Bd7 12. c3 Bd6 13. Bg5 h6 14. Bh4 c5
15. Bc2 Rb8 16. Rb1 g5 17. Bf2 Qc7 18. h4 Kg7 19. Qd2 Bh2+ 20. Kh1 Bf4 21. Be3
Nh5 22. Bxf4 gxf4 23. Rfe1 Qd8 24. b4 cxb4 25. Qd4+ Qf6 26. Qxf6+ Kxf6 27. Nc5
Bc8 28. cxb4 Rd8 29. a4 Ng3+ 30. Kg1 Nf5 31. b5 Ne3 32. Bd3 Rg8 33. Rb2 h5 34.
Kh2 Re8 35. Kg1 Be6 36. Rb4 Ke5 37. g3 Rg8 38. Kf2 Kd6 39. Nxe6 fxg3+ 40. Kxe3
Rbe8 41. Kd2 g2 42. Rg1 Rxe6 43. Rbb1 Kc5 44. a5 Rg3 45. b6 1/2-1/2